<?xml version="1.0" encoding="UTF-8"?>
<record
    xmlns:xsi="http://www.w3.org/2001/XMLSchema-instance"
    xsi:schemaLocation="http://www.loc.gov/MARC21/slim http://www.loc.gov/standards/marcxml/schema/MARC21slim.xsd"
    xmlns="http://www.loc.gov/MARC21/slim">

  <leader>00719nam a2200205   4500</leader>
  <controlfield tag="003">CO-ViMGA</controlfield>
  <datafield tag="020" ind1=" " ind2=" ">
    <subfield code="a">978-958-30-4852-4</subfield>
  </datafield>
  <datafield tag="040" ind1=" " ind2=" ">
    <subfield code="a">CO-ViMGA</subfield>
    <subfield code="b">spa</subfield>
    <subfield code="c">CO-ViMGA</subfield>
  </datafield>
  <datafield tag="082" ind1="0" ind2="4">
    <subfield code="a">I793.735</subfield>
    <subfield code="b">R15m</subfield>
  </datafield>
  <datafield tag="245" ind1="1" ind2="0">
    <subfield code="a">Mis mejores adivinanzas / </subfield>
    <subfield code="c">selecci&#xF3;n, Cristina Ramos ; ilustraciones, Mar&#xED;a del Rosario Uribe L. ; [edici&#xF3;n, Raquel Mireya Fonseca Leal]</subfield>
  </datafield>
  <datafield tag="250" ind1=" " ind2=" ">
    <subfield code="a">1a. ed.</subfield>
  </datafield>
  <datafield tag="260" ind1=" " ind2=" ">
    <subfield code="a">Bogot&#xE1; :</subfield>
    <subfield code="b">Panamericana,</subfield>
    <subfield code="c">2015.</subfield>
  </datafield>
  <datafield tag="300" ind1=" " ind2=" ">
    <subfield code="a">224 p. ;</subfield>
    <subfield code="b">il. col. ; 28 cm.</subfield>
  </datafield>
  <datafield tag="650" ind1="1" ind2="4">
    <subfield code="a">Adivinanzas</subfield>
    <subfield code="9">843</subfield>
  </datafield>
  <datafield tag="650" ind1="1" ind2="4">
    <subfield code="a">Literatura folcl&#xF3;rica</subfield>
    <subfield code="9">2282</subfield>
  </datafield>
  <datafield tag="700" ind1="1" ind2=" ">
    <subfield code="a">Fonseca Leal, Raquel Mireya,</subfield>
    <subfield code="e"> editor</subfield>
    <subfield code="9">1881</subfield>
  </datafield>
  <datafield tag="700" ind1="1" ind2=" ">
    <subfield code="a">Ramos, Cristina</subfield>
    <subfield code="9">2283</subfield>
  </datafield>
  <datafield tag="700" ind1="1" ind2=" ">
    <subfield code="a">Uribe L., Mar&#xED;a del Rosario, </subfield>
    <subfield code="e">ilustrador</subfield>
    <subfield code="9">2284</subfield>
  </datafield>
  <datafield tag="942" ind1=" " ind2=" ">
    <subfield code="2">ddc</subfield>
    <subfield code="c">BK</subfield>
  </datafield>
  <datafield tag="999" ind1=" " ind2=" ">
    <subfield code="c">33759</subfield>
    <subfield code="d">33759</subfield>
  </datafield>
  <datafield tag="952" ind1=" " ind2=" ">
    <subfield code="0">0</subfield>
    <subfield code="1">0</subfield>
    <subfield code="2">ddc</subfield>
    <subfield code="4">0</subfield>
    <subfield code="7">0</subfield>
    <subfield code="8">008</subfield>
    <subfield code="a">MEVIECAR</subfield>
    <subfield code="b">MEVIECAR</subfield>
    <subfield code="d">2015-12-23</subfield>
    <subfield code="l">15</subfield>
    <subfield code="m">7</subfield>
    <subfield code="o">I793.735 R15m</subfield>
    <subfield code="p">29626</subfield>
    <subfield code="r">2022-11-03 00:00:00</subfield>
    <subfield code="s">2019-05-21</subfield>
    <subfield code="t">Ej. 1</subfield>
    <subfield code="w">2015-12-23</subfield>
    <subfield code="y">BK</subfield>
  </datafield>
</record>
